Política internacional: enfoques y realidades /
Salvato in:
| Autore principale: | |
|---|---|
| Enti autori: | , |
| Altri autori: | |
| Natura: | testo |
| Pubblicazione: |
Buenos Aires:
Grupo Editor Latinoamericano. GEL
|
| Tags: |
Aggiungi Tag
Nessun Tag, puoi essere il primo ad aggiungerne!!
|
MARC
| LEADER | 00000 a a2200000 04500 | ||
|---|---|---|---|
| 001 | 22402 | ||
| 003 | |||
| 040 | |||
| 020 | |a 950-694-004-5 | ||
| 090 | |a 152700 | ||
| 100 | |a Wilhelmy, Manfred | ||
| 110 | |a Centro Interuniversitario de Desarrollo | ||
| 245 | |a Política internacional: enfoques y realidades / |c Centro Interuniversitario de Desarrollo | ||
| 260 | |a Buenos Aires: |b Grupo Editor Latinoamericano. GEL | ||
| 300 | |a 360 p. | ||
| 700 | |a Tomassini, Luciano |a Fermandois, Joaquín |a Durán, Roberto |a Pardo, Rodrigo |a Aimone, Enrique | ||
| 710 | |a CINDA | ||
| 999 | |c 8266 |d 8266 | ||



